| 000 -LEADER |
| fixed length control field |
01058cam a2200253 i 4500 |
| 001 - CONTROL NUMBER |
| control field |
20045289 |
| 005 - DATE AND TIME OF LATEST TRANSACTION |
| control field |
20221108164028.0 |
| 008 - FIXED-LENGTH DATA ELEMENTS--GENERAL INFORMATION |
| fixed length control field |
171003s2017 enk b 000 0 eng |
| 020 ## - INTERNATIONAL STANDARD BOOK NUMBER |
| International Standard Book Number |
9781138201507x |
| 041 ## - LANGUAGE CODE |
| Language code of text/sound track or separate title |
eng |
| 080 ## - UNIVERSAL DECIMAL CLASSIFICATION NUMBER |
| Universal Decimal Classification number |
376.2 C-90 |
| 100 1# - MAIN ENTRY--PERSONAL NAME |
| Personal name |
Cronin, Mark |
| 9 (RLIN) |
13407 |
| 245 10 - TITLE STATEMENT |
| Title |
Poverty and inclusion in early years education / |
| Statement of responsibility, etc. |
Mark Cronin, Karen Argent, and Chris Collett. |
| 264 #1 - PRODUCTION, PUBLICATION, DISTRIBUTION, MANUFACTURE, AND COPYRIGHT NOTICE |
| Place of production, publication, distribution, manufacture |
London ; |
| Name of producer, publisher, distributor, manufacturer |
Routledge, Taylor & Francis Group |
| Date of production, publication, distribution, manufacture, or copyright notice |
2017. |
| 300 ## - PHYSICAL DESCRIPTION |
| Extent |
163 pages : |
| Other physical details |
illustrations ; |
| Dimensions |
22 cm. |
| 504 ## - BIBLIOGRAPHY, ETC. NOTE |
| Bibliography, etc. note |
Includes bibliographical references. |
| 650 #0 - SUBJECT ADDED ENTRY--TOPICAL TERM |
| Topical term or geographic name entry element |
Children with social disabilities |
| General subdivision |
Education (Early childhood) |
| 9 (RLIN) |
13408 |
| 653 ## - INDEX TERM--UNCONTROLLED |
| keyword |
სოციალური შეზღუდული შესაძლებლობის მქონე ბავშვები |
| 653 ## - INDEX TERM--UNCONTROLLED |
| keyword |
Дети с социальной инвалидностью |
| 653 ## - INDEX TERM--UNCONTROLLED |
| keyword |
პედაგოგიკა |
| 700 1# - ADDED ENTRY--PERSONAL NAME |
| Personal name |
Argent, Karen |
| Relator term |
ავტორი |
| 9 (RLIN) |
13410 |
| 700 1# - ADDED ENTRY--PERSONAL NAME |
| Personal name |
Collett, Chris |
| Relator term |
ავტორი |
| 9 (RLIN) |
13411 |
| 942 ## - ADDED ENTRY ELEMENTS (KOHA) |
| Source of classification or shelving scheme |
|
| Koha item type |
წიგნი |